000 00330 a2200157 4500
001 162491
020 _a
040 _cMagnum
100 _aCarr, Stella
240 1 0 _aO segredo do museu imperial
_lpor
245 1 0 _aO segredo do museu imperial
362 0 _a1899
440 1 _aModerna
697 _aJ/AVENTURA
942 _cBK
999 _c162491
_d162491